Lumirank Summer 2025 - Statistiques

Statistiques générales
  • Ce quiz a été pris 6 fois
  • Le résultat moyen est 43 sur 50
Statistiques - réponses
Rank Country Réponse Character(s) % Correct
2 JP acola Steve, Pyra and Mythra
100%
21 JP Asimo Ryu
100%
29 USA BeastModePaul Hero, Sephiroth
100%
1 JP Doramigi Min Min
100%
13 FR Glutonny Wario, Link
100%
3 JP Hurt Snake
100%
23 USA Kola Roy, Cloud
100%
16 USA Light Fox
100%
24 USA Lima Bayonetta
100%
25 UK Luugi Luigi
100%
45 JP Mild na H. O Donkey Kong, Mii Brawler, Bowser
100%
4 JP Miya Mr. Game & Watch
100%
17 MX MKLeo Joker, Pyra and Mythra, Byleth
100%
9 USA Onin Steve
100%
19 CA Ouch!? Wolf
100%
22 USA Peabnut Megaman
100%
12 JP Raru Luigi, Min Min
100%
18 GT ShinyMark Pikachu
100%
10 JP Shuton Olimar, Pyra and Mythra
100%
8 DO Sonix Sonic
100%
5 MX Sparg0 Cloud, Piranha Plant, Pyra and Mythra, Roy
100%
14 JP TamaPDaifuku Bayonetta
100%
20 JP Tea Kazuya, Pac-Man
100%
7 USA Tweek Diddy Kong
100%
30 JP Yoshidora Yoshi
100%
6 USA Zomba R.O.B
100%
35 JP Akakikusu Hero
75%
42 USA ApolloKage Snake
75%
36 FR crêpe salée Steve, Wario, R.O.B
75%
37 USA Dabuz Rosalina, Olimar
75%
46 USA Jakal Wolf
75%
26 JP KEN Sonic, Sephiroth
75%
48 MX MKBigBoss R.O.B
75%
49 USA Monte Mr. Game & Watch
75%
28 USA MuteAce Peach
75%
27 JP Neo Corrin
75%
39 FR Raflow Palutena, Mr. Game & Watch, Samus
75%
33 JP Raki Kazuya, Steve
75%
32 JP Rarikkusu Falco, Donkey Kong, Steve
75%
43 JP Reno Byleth, Sephiroth
75%
47 JP Shion Hero, Joker
75%
34 JP Snow Mario, Dr. Mario
75%
11 USA Syrup Steve, Ness
75%
38 JP Toriguri Banjo & Kazooie
75%
40 USA Wrath Sonic
75%
31 JP Yaura Samus, Dark Samus
75%
15 JP Carmelo Steve, Shulk, Pyra and Mythra
50%
41 USA Kiyarash Luigi
50%
44 USA omega Joker, Cloud
50%
50 JP Umeki Daisy
50%
Aucun quiz correspondant
Distribution des résultats
% des personnes avec chaque résultat
Percentile par nombre de réponses
Votre historique - résultats
Vous n’avez pas pris ce quiz